| 000 | 00613nam a2200217 a 4500 | ||
|---|---|---|---|
| 001 | 983 | ||
| 003 | CDMR | ||
| 005 | 20130613120451.0 | ||
| 008 | 130130s2007||||||||||||||||||||||||||||d | ||
| 020 | _a9788497886109 | ||
| 040 |
_aCDMR _bcat _cCPC GIRONA |
||
| 100 | 1 |
_aGimeno, Gemma _9769 |
|
| 245 | 1 | 3 |
_aEl llenguatge de les notícies de televisió _cGemma Gimeno i Miquel Peralta |
| 260 |
_c2007 _bUOC _aBarcelona |
||
| 300 |
_a81 p ; _c15 cm. |
||
| 490 | 0 |
_aVullSaber _v58 |
|
| 650 | 0 | 4 |
_93157 _aTelevisió _xNoticiaris |
| 650 | 0 | 4 |
_93158 _aPeriodisme i llenguatge |
| 700 | 1 |
_92518 _aPeralta, Miquel |
|
| 942 |
_cMON _2udc |
||
| 999 |
_c983 _d983 |
||